Marketing for beginners : (Record no. 76809)

MARC details
000 -LEADER
fixed length control field 00592nam a22001937a 4500
005 - DATE AND TIME OF LATEST TRANSACTION
control field 20170208122513.0
010 ## - LCCN (DPL NO)
LC control number ENG-107645
020 ## - INTERNATIONAL STANDARD BOOK NUMBER
International Standard Book Number 9789381588574
Terms of availability 135.00
020 ## - INTERNATIONAL STANDARD BOOK NUMBER
International Standard Book Number 9381588570
Terms of availability 135.00
035 ## - SYSTEM CONTROL NUMBER
System control number EN-91178
037 ## - SOURCE OF ACQUISITION
Source of stock number/acquisition DBAD/PUB
082 ## - DEWEY DECIMAL CLASSIFICATION NUMBER
Classification number 658.8
100 ## - MAIN ENTRY--PERSONAL NAME
Personal name Bittu Kumar
245 ## - TITLE STATEMENT
Title Marketing for beginners :
Statement of responsibility, etc by Bittu Kumar
Remainder of title the key concepts and steps for young executives /
260 ## - PUBLICATION, DISTRIBUTION, ETC. (IMPRINT)
Name of publisher, distributor, etc V and S Publishers
Date of publication, distribution, etc 2012
270 ## - ADDRESS
Address F-2/16, Ansari Road, Daryagunj
City New Delhi
Postal code 110002
300 ## - PHYSICAL DESCRIPTION
Extent 130p.
Dimensions 22cm(pbk)
942 ## - ADDED ENTRY ELEMENTS (KOHA)
Source of classification or shelving scheme Dewey Decimal Classification
Item type English Books
Call number suffix BIT
Classification part 658.8
Holdings
Withdrawn status Lost status Not for loan Collection code Home library Current library Date acquired Source of acquisition Cost, normal purchase price Full call number Barcode Copy number Cost, replacement price Koha item type
      Non-fiction Central Library Central Library 20/06/2013 DBAD 135.00 658.8 KUM EN-91178 1 135.00 English Books

© Delhi Public Library
Hit Counter
free hit counter